000 00609nam a2200253Ia 4500
003 OSt
005 20221005122408.0
006 a|||||r|||| 00| 0
007 ta
008 221004b |||||||| |||| 00| 0 tam d
020 _c3.25
024 _a50496
037 _cTextual
040 _aCRL
_cCRL
_btam
041 _2tam
_atam
082 _aO31,3NRA3,1, K6
100 _aRamapkiya Au.
_9631909
245 0 _aJeevanadi
260 _c1966
300 _a186p.
_ccm.
650 _aTAMIL FICTION
942 _hO31,3NRA3,1, K6
_cTEXL
_2cc
999 _c1044155
_d1044155